Teorie a praxe firemních financí

Gespeichert in:
Bibliographische Detailangaben
1. Verfasser: Brealey, Richard A.
Weitere Verfasser: Myers, Stewart C., Strnad, Zdeněk
Format: Buch
Sprache:Tschechisch
Veröffentlicht: Praha Computer Press 2000
Schriftenreihe:Praxe manažera
Business books
Schlagworte:
Tags: Tag hinzufügen
Keine Tags, Fügen Sie das erste Tag hinzu!

MARC

LEADER 00000nam$a2200000$$$4500
001 0022535
005 20221129101224.3
020 |a 80-7226-189-4 
041 0 |a cze 
044 |a CZ 
245 1 0 |a Teorie a praxe firemních financí  |c R.A. Brealey, S.C. Myers ; překlad: Zdeněk Strnad ... [et al.] 
264 1 |a Praha  |b Computer Press  |c 2000 
300 |a 1064 s. 
490 1 |a Praxe manažera 
830 0 |a Praxe manažera 
490 1 |a Business books 
830 0 |a Business books 
610 2 0 |a firmy 
610 2 0 |a financie 
610 2 0 |a financie podnikové 
610 2 0 |a teória a prax 
100 1 |a Brealey, Richard A. 
700 1 |a Myers, Stewart C. 
700 1 |a Strnad, Zdeněk